01186nam a2200193Ia 4500001001000000003001000010008004100020040002500061041001300086100003900099245005600138250001100194260009200205300002700297500026000324501011400584520026000698650003400958L235-8900IT-CnALBA170116s9999||||xx |||||||||||||| ||und|| aIT-CnALBAcIT-CnALBA aITALIANO aLEMOYNE GIOVAN BATTISTA, SALESIANO 0aMEMORIE BIOGRAFICHE DI DON GIOVANNI BOSCO. VOL. I.  a1a ed. a S. BENIGNO CANAVESEbSALESIANA SC. TIP.c1898 [1° Ed.:1898 - Ed.Ling.Originale: 1898] a531 p. (prefazione: 7) aLETTERE A DON MICHELE RUA. GUERRA CONTRO IL PAPATO. MAMMA MARGHERITA. SITUAZIONE DELLA CHIESA IN PIEMONTE. EDUCAZIONE DI GIOVANNI BOSCO IN FAMIGLIA A CASTELNUOVO. SOGNO PREMONITORE. GIOVANNI APOSTOLO TRA I COMPAGNI. A MURIALDO A SCUOLA DI D. CALOSSO. SEMI aSocietà San Paolo EM - Piazza San Paolo, 14 - 12051 ALBA (CN) (non commercial uses only) ® Copyright 2017 aLETTERE A DON MICHELE RUA. GUERRA CONTRO IL PAPATO. MAMMA MARGHERITA. SITUAZIONE DELLA CHIESA IN PIEMONTE. EDUCAZIONE DI GIOVANNI BOSCO IN FAMIGLIA A CASTELNUOVO. SOGNO PREMONITORE. GIOVANNI APOSTOLO TRA I COMPAGNI. A MURIALDO A SCUOLA DI D. CALOSSO. SEMI aMARIA SS. ANGELI SANTI DEMONI